Logo BPK

Biblioteka

Politechniki Koszalińskiej

Bezstykowe organy wykonawcze w automatyce przemysłowej / (Rekord nr 16170)

Szczegóły MARC
000 -ETYKIETA REKORDU
podpole kontrolne o stałej długości 00473nam a2200181 i 4500
001 - NUMER KONTROLNY REKORDU
pole kontrolne bg
040 ## - ŹRÓDŁO KATALOGOWANIA
Instytucja, która utworzyła rekord BPK
041 ## - KOD JĘZYKA
Kod języka tekstu pol
080 ## - UNIWERSALNA KLASYFIKACJA DZIESIĘTNA - UKD
UKD 621.3.078:62-5
008 - POLE O STAŁEJ DŁUGOŚCI - DANE KONTROLNE
podpole kontrolne o stałej długości s pl f |000 0 pol
100 1# - NAZWA OSOBOWA
Nazwa osobowa AVEN, O. I.
245 #0 - TYTUŁ/ODPOWIEDZIALNOŚĆ
Tytuł Bezstykowe organy wykonawcze w automatyce przemysłowej /
Pozostałe elementy strefy tytułu i oznaczenia odpowiedzialności O.J. Aven, S.M. Domanickij.
260 ## - STREFA ADRESU WYDAWNICZEGO
Miejsce wydania Warszawa,
Data publikacji, dystrybucji/powstania dokumentu 1962.
700 1# - HASŁO DODATKOWE - NAZWA OSOBOWA
Nazwa osobowa DOMANICKIJ, S. M.
700 1# - HASŁO DODATKOWE - NAZWA OSOBOWA
Nazwa osobowa Awien, O. I.
700 1# - HASŁO DODATKOWE - NAZWA OSOBOWA
Nazwa osobowa Domanicki, S. M.
856 ## - LOKALIZACJA I DOSTĘP DO ELEKTRONICZNYCH DOKUMENTÓW ZDALNYCH
Link (URL) http://koha.tu.koszalin.pl/cgi-bin/koha/opac-detail.pl?biblionumber=16170
Tekst linku Katalog online BPK
942 ## - DODATKOWE ELEMENTY (KOHA)
Typ dokumentu Książka
Egzemplarze
Wycofany Status egzemplarza Uszkodzony Dostępność Lokalizacja stała Lokalizacja bieżąca Miejsce przechowywania Sygnatura Kod kreskowy Typ dokumentu
      Dostępny Biblioteka Politechniki Koszalińskiej Biblioteka Politechniki Koszalińskiej Wypożyczalnia BG 19709 01707199 Książka
© 2023 Biblioteka Politechniki Koszalińskiej :: KOHA